000 01843nam0a2200361 4500
001 RU\NLR\bibl\2029315
005 20260406000811.0
021 _aRU
_b2013-27242
_91881
035 _a(NLR Aleph) 002017208
090 _a4487198
_c4487198
100 _a20130429d2009 |||y0rusy50 ca
101 0 _arus
102 _aRU
105 _ay |||||||||
200 1 _aМотивация персонала в инновационных компаниях
_fИ.В. Кирасов, В.А. Коновалов, Л.А. Чудаков, В.Н. Щеблыкин
_gФедер. агентство по техн. регулированию и метрологии, Федер. гос. унитар. предприятие "Рос. науч.-техн. центр информации по стандартизации, метрологии и оценке соответствия"
205 _aПрепринт
210 _aМосква
_cСтандартинформ
_d2009
215 _a17 с.
_d21
320 _aБиблиогр.: с. 16 (8 назв.)
606 1 _aКадры
_xТруд
_xМотивация
_92180954
_3RU\NLR\AUTH\661311546
606 1 _aПредприятия
_xИнновационная деятельность
_92167801
_3RU\NLR\AUTH\661304213
686 1 _aС550.44
686 1 _aУ9(2)-55
701 1 _aКирасов
_bИ. В.
_gИван Вячеславович
_4070
701 1 _aКоновалов
_bВ. А.
_gВячеслав Александрович
_4070
701 1 _4070
_8rus
_7ca
_aЧудаков
_bЛ. А.
_gЛеонид Александрович
_3RU\NLR\auth\77110350
_993275
701 1 _aЩеблыкин
_bВ. Н.
_gВиктор Николаевич
_4070
801 0 _aRU
_bNLR
_c20130429
_gRCR
801 1 _aRU
_bNLR
_c20130429
942 _cBOOK
980 _aNB